[Event "GER-chT U20"]
[Site "Osnabrueck"]
[Date "2011.12.30"]
[Round "7.3"]
[White "Voelz, Michael"]
[Black "Schamschurko, Victor"]
[Result "1/2-1/2"]
[WhiteElo "1794"]
[BlackElo "1588"]
[PlyCount "82"]
[EventDate "2011.12.27"]
[EventType "team-swiss"]
[EventRounds "7"]
[EventCountry "GER"]
[SourceTitle "CBM 146 Extra"]
[Source "ChessBase"]
[SourceDate "2012.02.29"]
[SourceVersion "1"]
[SourceVersionDate "2012.02.29"]
[SourceQuality "1"]
[WhiteTeam "Wilkau Hasslau Muldental"]
[BlackTeam "Dresden"]
[WhiteTeamCountry "GER"]
[BlackTeamCountry "GER"]

1. e4 e6 2. d4 d5 3. Nd2 Nf6 4. e5 Nfd7 5. Bd3 c5 6. c3 Nc6 7. Ne2 cxd4 8. cxd4 f6 9. exf6 Nxf6 10. Nf3 Qc7 11. Bf4 Bb4+ 12. Nd2 Qb6 13. a3 Be7 14. Nb3 a5 15. Rb1 a4 16. Nbc1 Bd7 17. 0-0 0-0 18. Na2 Nh5 19. Be3 g6 20. Nac3 Nd8 21. Bc2 Qa7 22. Qd2 Nf7 23. Nf4 Ng7 24. Rfe1 Nf5 25. g4 Nxe3 26. Qxe3 Bg5 27. Qg3 Qxd4 28. Nxe6 Bxe6 29. Rxe6 Bf4 30. Qd3 Ng5 31. Re2 Nf3+ 32. Kh1 Qxd3 33. Bxd3 Nxh2 34. Nxd5 Nxg4 35. Kg2 Bd6 36. Bc4 Kg7 37. Rd1 Ne5 38. Ba2 Nf3 39. Ne3 Rad8 40. Bd5 Nh4+ 41. Kh3 Nf5 1/2-1/2

[Event "GER-chT U20"]
[Site "Osnabrueck"]
[Date "2011.12.28"]
[Round "4.3"]
[White "Voelz, Michael"]
[Black "Fornoff, Robin"]
[Result "1-0"]
[WhiteElo "1794"]
[BlackElo "1806"]
[PlyCount "55"]
[EventDate "2011.12.27"]
[EventType "team-swiss"]
[EventRounds "7"]
[EventCountry "GER"]
[SourceTitle "CBM 146 Extra"]
[Source "ChessBase"]
[SourceDate "2012.02.29"]
[SourceVersion "1"]
[SourceVersionDate "2012.02.29"]
[SourceQuality "1"]
[WhiteTeam "Wilkau Hasslau Muldental"]
[BlackTeam "Gernsheim"]
[WhiteTeamCountry "GER"]
[BlackTeamCountry "GER"]

1. e4 c5 2. Nf3 a6 3. d4 cxd4 4. Nxd4 Nf6 5. Nc3 e5 6. Nb3 Bb4 7. a3 Bxc3+ 8. bxc3 Qc7 9. Qd3 b5 10. Be2 0-0 11. 0-0 Bb7 12. f3 d5 13. exd5 Nxd5 14. c4 Nf4 15. Bxf4 Rd8 16. Bxe5 Qe7 17. Bd4 Nc6 18. c3 bxc4 19. Qxc4 a5 20. Nc5 Nxd4 21. cxd4 Qe3+ 22. Kh1 Rxd4 23. Qb5 Bc8 24. Rfe1 g6 25. Bc4 Qh6 26. Qe8+ Qf8 27. Bxf7+ Kg7 28. Qe5+ 1-0

[Event "GER-ch op U25"]
[Site "Willingen"]
[Date "2006.06.05"]
[Round "4"]
[White "Voelz, Michael"]
[Black "Wenninger, Philipp"]
[Result "1-0"]
[WhiteElo "1629"]
[BlackElo "1021"]
[PlyCount "29"]
[EventDate "2006.06.04"]
[EventType "swiss"]
[EventRounds "9"]
[EventCountry "GER"]
[SourceTitle "EXT 2007"]
[Source "ChessBase"]
[SourceDate "2006.11.23"]
[SourceVersion "1"]
[SourceVersionDate "2006.11.23"]
[SourceQuality "1"]

1. e4 e5 2. Nf3 Nc6 3. d4 exd4 4. Bc4 Bb4+ 5. c3 dxc3 6. 0-0 Nge7 7. Ng5 0-0 8. Qh5 h6 9. Nxf7 Rxf7 10. Bxf7+ Kh8 11. bxc3 Bd6 12. Bxh6 g6 13. Bxg6 Nxg6 14. Bg5+ Kg7 15. Bxd8 1-0

[Event "Sachsen-ch U14"]
[Site "Sebnitz"]
[Date "2006.04.21"]
[Round "5"]
[White "Voelz, Michael"]
[Black "Wang, Zhangxian"]
[Result "0-1"]
[WhiteElo "1577"]
[BlackElo "1998"]
[PlyCount "102"]
[EventDate "2006.04.18"]
[EventType "swiss"]
[EventRounds "7"]
[EventCountry "GER"]
[SourceTitle "EXT 2007"]
[Source "ChessBase"]
[SourceDate "2006.11.23"]
[SourceVersion "1"]
[SourceVersionDate "2006.11.23"]
[SourceQuality "1"]

1. e4 c6 2. d4 d5 3. exd5 cxd5 4. Bd3 Nc6 5. c3 g6 6. Nf3 Bg7 7. Bf4 Nf6 8. Nbd2 0-0 9. 0-0 Nh5 10. Be3 Qc7 11. Re1 Nf4 12. Bxf4 Qxf4 13. Nb3 Bg4 14. Be2 b6 15. h3 Bxf3 16. Bxf3 e6 17. Nc1 Rfc8 18. Nd3 Qc7 19. Qd2 Na5 20. Rac1 Qc4 21. b3 Qc7 22. Qe3 Rab8 23. Nb4 Qd7 24. Na6 Ra8 25. c4 Nc6 26. cxd5 exd5 27. Red1 Re8 28. Qc3 Rac8 29. Qb2 Nxd4 30. Qd2 Nxf3+ 31. gxf3 Qxh3 32. Rxc8 Qxc8 33. Qd3 Re5 34. Nb4 Qh3 35. f4 Qg4+ 36. Kf1 Rh5 37. f3 Rh1+ 38. Kf2 Qh4+ 39. Ke3 d4+ 40. Kd2 Qxf4+ 41. Kc2 Qc7+ 42. Kb1 Rxd1+ 43. Qxd1 Qc5 44. Qe1 Qf5+ 45. Kc1 Qe5 46. Qd2 h5 47. Nd3 Qc7+ 48. Kb1 Qc3 49. Qe2 h4 50. Nf4 Qe3 51. Qh2 d3 0-1

[Event "Sachsen-ch U14"]
[Site "Sebnitz"]
[Date "2006.04.19"]
[Round "2"]
[White "Voelz, Michael"]
[Black "Meissner, Felix"]
[Result "1/2-1/2"]
[WhiteElo "1577"]
[BlackElo "1624"]
[PlyCount "36"]
[EventDate "2006.04.18"]
[EventType "swiss"]
[EventRounds "7"]
[EventCountry "GER"]
[SourceTitle "EXT 2007"]
[Source "ChessBase"]
[SourceDate "2006.11.23"]
[SourceVersion "1"]
[SourceVersionDate "2006.11.23"]
[SourceQuality "1"]

1. e4 c5 2. Nf3 d6 3. Bb5+ Bd7 4. Bxd7+ Nxd7 5. 0-0 g6 6. c3 Bg7 7. d4 Ngf6 8. Re1 Nh5 9. Be3 Rc8 10. Nbd2 0-0 11. Rc1 b5 12. a4 a6 13. Qb3 Qa5 14. axb5 Qxb5 15. Qxb5 axb5 16. b3 Ra8 17. Ra1 Rfc8 18. Rec1 Kf8 1/2-1/2

[Event "GER-ch U25"]
[Site "Willingen"]
[Date "2005.05.21"]
[Round "9"]
[White "Rezai Perdomo, Yvonne"]
[Black "Voelz, Michael"]
[Result "1/2-1/2"]
[WhiteElo "1779"]
[BlackElo "1460"]
[PlyCount "54"]
[EventDate "2005.05.14"]
[EventType "swiss"]
[EventRounds "9"]
[EventCountry "GER"]
[SourceTitle "CBM 106 Extra"]
[Source "ChessBase"]
[SourceDate "2005.07.01"]
[SourceVersion "1"]
[SourceVersionDate "2005.07.01"]
[SourceQuality "1"]

1. e4 e5 2. Nf3 Nc6 3. Bc4 Bc5 4. c3 Nf6 5. d4 exd4 6. cxd4 Bb4+ 7. Nc3 Nxe4 8. 0-0 Bxc3 9. bxc3 d5 10. Bd3 0-0 11. Qc2 Re8 12. Nd2 Nf6 13. Ba3 Be6 14. Nb3 b6 15. Rac1 Rc8 16. Bb5 Bd7 17. Ba6 Rb8 18. Rfe1 Ne7 19. Re2 Bf5 20. Qb2 Ng6 21. Rce1 Qd7 22. Qc1 Rxe2 23. Bxe2 Re8 24. Bf3 Be4 25. Bxe4 Nxe4 26. f3 Nf6 27. Re3 Re6 1/2-1/2

[Event "GER-ch U25"]
[Site "Willingen"]
[Date "2005.05.17"]
[Round "6"]
[White "Voelz, Michael"]
[Black "Dorn, Matthias"]
[Result "0-1"]
[WhiteElo "1460"]
[BlackElo "1728"]
[PlyCount "60"]
[EventDate "2005.05.14"]
[EventType "swiss"]
[EventRounds "9"]
[EventCountry "GER"]
[SourceTitle "CBM 106 Extra"]
[Source "ChessBase"]
[SourceDate "2005.07.01"]
[SourceVersion "1"]
[SourceVersionDate "2005.07.01"]
[SourceQuality "1"]

1. e4 c5 2. Nc3 Nc6 3. f4 g6 4. Nf3 Bg7 5. g3 e6 6. Bg2 Nge7 7. 0-0 0-0 8. d3 d5 9. e5 f6 10. exf6 Bxf6 11. Ne2 b6 12. d4 Nf5 13. c3 Ba6 14. dxc5 bxc5 15. g4 Nd6 16. Re1 Qb6 17. Ng3 Rfe8 18. h4 Rad8 19. h5 Ne4 20. Nf1 gxh5 21. g5 Bg7 22. Nh4 Ne7 23. Qxh5 Nf5 24. g6 hxg6 25. Nxg6 Bxf1 26. Bxf1 c4+ 27. Be3 Nxe3 28. Kh2 Nf5 29. Bg2 Qf2 30. Ne5 Qxf4+ 0-1

[Event "Sachsen-ch U14"]
[Site "Sebnitz"]
[Date "2005.03.30"]
[Round "4"]
[White "Voelz, Michael"]
[Black "Doberitz, Paul"]
[Result "1-0"]
[WhiteElo "1495"]
[BlackElo "1665"]
[PlyCount "81"]
[EventDate "2005.03.29"]
[EventType "swiss"]
[EventRounds "7"]
[EventCountry "GER"]
[SourceTitle "EXT 2007"]
[Source "ChessBase"]
[SourceDate "2006.11.23"]
[SourceVersion "1"]
[SourceVersionDate "2006.11.23"]
[SourceQuality "1"]

1. e4 c5 2. Nc3 Nc6 3. f4 g6 4. d3 Bg7 5. Be3 e6 6. Nf3 d6 7. g3 Nge7 8. Bg2 b5 9. Qd2 b4 10. Nd1 0-0 11. 0-0 a5 12. c3 Ba6 13. Re1 bxc3 14. bxc3 Nb4 15. Nb2 Nbc6 16. d4 cxd4 17. cxd4 d5 18. e5 Nf5 19. Bf1 Bxf1 20. Rxf1 a4 21. a3 Na5 22. Qd3 Nb3 23. Rab1 Qe7 24. Nxa4 Nbxd4 25. Nxd4 Nxe3 26. Qxe3 Rxa4 27. Nb5 Rfa8 28. Rb3 Re4 29. Qf2 Rc4 30. Rfb1 Rac8 31. Nd6 Rc1+ 32. Rxc1 Rxc1+ 33. Kg2 Rc7 34. Qb2 Bf8 35. Rb8 h5 36. Re8 Qd7 37. Qb8 Qxe8 38. Qxe8 Kg7 39. Qd8 Bxd6 40. exd6 Rc2+ 41. Kf3 1-0

[Event "GER-ch U25 op"]
[Site "Willingen"]
[Date "2004.06.02"]
[Round "7"]
[White "Falke, Isaak"]
[Black "Voelz, Michael"]
[Result "1/2-1/2"]
[WhiteElo "1721"]
[BlackElo "1387"]
[PlyCount "79"]
[EventDate "2004.05.30"]
[EventType "swiss"]
[EventRounds "9"]
[EventCountry "GER"]
[SourceTitle "EXT 2005"]
[Source "ChessBase"]
[SourceDate "2004.11.15"]
[SourceVersion "1"]
[SourceVersionDate "2004.11.15"]
[SourceQuality "1"]

1. d4 d5 2. c4 e6 3. Nc3 Nf6 4. Bg5 Nbd7 5. Nf3 c6 6. e3 Qa5 7. a3 Ne4 8. Rc1 Nxg5 9. Nxg5 dxc4 10. Nge4 b5 11. Be2 Be7 12. 0-0 0-0 13. f4 Nf6 14. Rf3 Nxe4 15. Nxe4 Bb7 16. Rh3 Rad8 17. Qc2 f5 18. Ng5 Bxg5 19. fxg5 c5 20. Qc3 Qxc3 21. bxc3 cxd4 22. exd4 Bd5 23. a4 a6 24. axb5 axb5 25. Re3 Ra8 26. Bf3 Bxf3 27. gxf3 Kf7 28. Re5 Rfb8 29. Rc5 Rb7 30. Rb1 Rab8 31. Rb4 Ke7 32. Kg2 Kd6 33. Kg3 Ke7 34. Kf4 Kd6 35. h3 Rb6 36. h4 g6 37. Re5 Kd7 38. Rc5 Kd6 39. Re5 Kd7 40. Rc5 1/2-1/2

[Event "GER-ch U25 op"]
[Site "Willingen"]
[Date "2004.05.30"]
[Round "1"]
[White "Billing, Christian"]
[Black "Voelz, Michael"]
[Result "1-0"]
[WhiteElo "1915"]
[BlackElo "1387"]
[PlyCount "61"]
[EventDate "2004.05.30"]
[EventType "swiss"]
[EventRounds "9"]
[EventCountry "GER"]
[SourceTitle "EXT 2005"]
[Source "ChessBase"]
[SourceDate "2004.11.15"]
[SourceVersion "1"]
[SourceVersionDate "2004.11.15"]
[SourceQuality "1"]

1. e4 e5 2. Nf3 Nc6 3. d4 exd4 4. Bc4 Nf6 5. e5 d5 6. Bb5 Ne4 7. Nxd4 Bd7 8. Nxc6 Bxc6 9. Bxc6+ bxc6 10. Nd2 Nxd2 11. Bxd2 Be7 12. Qg4 Rg8 13. 0-0 Qd7 14. Qh5 h6 15. Rae1 Qe6 16. f4 Bc5+ 17. Kh1 0-0-0 18. f5 Qe7 19. Qe2 Bb6 20. Qa6+ Kb8 21. a4 Qd7 22. a5 Bc5 23. e6 fxe6 24. fxe6 Qe8 25. b4 Bd4 26. e7 Rd6 27. c3 Bf6 28. Bf4 Rd7 29. Rb1 Rxe7 30. b5 c5 31. b6 1-0

[Event "GER-chT U12"]
[Site "Verden an der Aller"]
[Date "2002.12.29"]
[Round "5.2"]
[White "Gorodetski, Boris"]
[Black "Voelz, Michael"]
[Result "1-0"]
[WhiteElo "1304"]
[BlackElo "1339"]
[PlyCount "82"]
[EventDate "2002.12.27"]
[EventType "team"]
[EventRounds "7"]
[EventCountry "GER"]
[SourceTitle "CBM 092 Extra"]
[Source "ChessBase"]
[SourceDate "2003.03.07"]
[SourceVersion "1"]
[SourceVersionDate "2003.03.07"]
[SourceQuality "1"]

1. d4 d5 2. c4 e6 3. Nc3 Nf6 4. cxd5 exd5 5. Bg5 c6 6. Qc2 Be6 7. e3 Nbd7 8. Bd3 h6 9. Bh4 Qc7 10. Bg3 Bd6 11. f4 Nb6 12. b3 0-0 13. Nf3 Bg4 14. Ne5 Bxe5 15. fxe5 Ne8 16. 0-0 Qe7 17. Rf4 Be6 18. Raf1 Nc7 19. Be1 Rae8 20. Qf2 Rd8 21. Qg3 Kh8 22. Bd2 Qg5 23. Qf2 Qe7 24. Rf3 Rc8 25. Bf5 Kg8 26. Bd3 Kh8 27. Rg3 Rb8 28. Rf3 Rbd8 29. Bg6 Kg8 30. Bd3 a6 31. Bb1 Nb5 32. Rc1 Na3 33. Bd3 Nb5 34. Nxb5 axb5 35. Bb1 Ra8 36. Rc2 Nd7 37. Rg3 g6 38. Rc1 Qh4 39. Rxg6+ fxg6 40. Qxh4 h5 41. Qg3 Rf7 1-0

[Event "GER-chT U12"]
[Site "Verden an der Aller"]
[Date "2002.12.28"]
[Round "3.2"]
[White "Voelz, Michael"]
[Black "Rudolf, Sebastian"]
[Result "1/2-1/2"]
[WhiteElo "1339"]
[BlackElo "1576"]
[PlyCount "100"]
[EventDate "2002.12.27"]
[EventType "team"]
[EventRounds "7"]
[EventCountry "GER"]
[SourceTitle "CBM 092 Extra"]
[Source "ChessBase"]
[SourceDate "2003.03.07"]
[SourceVersion "1"]
[SourceVersionDate "2003.03.07"]
[SourceQuality "1"]

1. e4 c5 2. Nf3 Nc6 3. d4 cxd4 4. Nxd4 Nf6 5. Nc3 e5 6. Ndb5 d6 7. Bg5 a6 8. Na3 b5 9. Nd5 Be7 10. Nxe7 Nxe7 11. Bxf6 gxf6 12. c4 Qa5+ 13. Qd2 Qxd2+ 14. Kxd2 b4 15. Nc2 a5 16. Ne3 Be6 17. Bd3 Nc6 18. Nc2 Rg8 19. Rhg1 Rb8 20. b3 Ra8 21. g3 h5 22. h4 a4 23. Rgb1 Ke7 24. Rd1 Ra7 25. Ke3 Rga8 26. Rdb1 Nd4 27. Nxd4 exd4+ 28. Kxd4 axb3 29. Rxb3 Rxa2 30. Rxa2 Rxa2 31. Rxb4 Rxf2 32. Ke3 Rg2 33. Kf3 Rg1 34. Kf2 Rc1 35. Ke3 Bg4 36. Rb7+ Ke6 37. Kf4 Rc3 38. Ke3 Ra3 39. Kd4 Ra4 40. Bc2 Ra5 41. Bb3 Rc5 42. Ra7 Bf3 43. Ba4 f5 44. Bd7+ Kf6 45. Bxf5 Be2 46. Ra4 Bf1 47. Bd7 Kg6 48. Bf5+ Kf6 49. Bd7 Kg6 50. Bf5+ Kf6 1/2-1/2

[Event "GER-ch U10"]
[Site "Winterberg"]
[Date "2002.05.23"]
[Round "8"]
[White "Gadschisade, Machmud"]
[Black "Voelz, Michael"]
[Result "0-1"]
[WhiteElo "1275"]
[BlackElo "1180"]
[PlyCount "176"]
[EventDate "2002.05.19"]
[EventType "swiss"]
[EventRounds "11"]
[EventCountry "GER"]
[SourceTitle "CBM 088 Extra"]
[Source "ChessBase"]
[SourceDate "2002.07.01"]
[SourceVersion "2"]
[SourceVersionDate "2002.07.01"]
[SourceQuality "1"]

1. e4 e5 2. Nf3 Nc6 3. Bc4 Bc5 4. c3 Nf6 5. d4 exd4 6. cxd4 Bb4+ 7. Bd2 Bxd2+ 8. Nbxd2 d5 9. exd5 Nxd5 10. 0-0 0-0 11. Re1 Be6 12. a3 Qd6 13. Ne4 Qd8 14. Rc1 Bg4 15. Qd3 Bxf3 16. Qxf3 Nb6 17. d5 Ne5 18. Qb3 Nexc4 19. Rxc4 Nxc4 20. Qxc4 Re8 21. Re2 Qd7 22. Re3 Rad8 23. Rd3 Qf5 24. f3 Qe5 25. Rd2 Kh8 26. Re2 Qxd5 27. Qxc7 Qd1+ 28. Kf2 Qd4+ 29. Kf1 Qd7 30. Qg3 f5 31. Nc3 Rxe2 32. Nxe2 Qd6 33. Qh4 Qd1+ 34. Kf2 Rd2 35. Qc4 Qc2 36. Qe6 Qc5+ 37. Ke1 Rd8 38. Qb3 Qa5+ 39. Kf1 Qa6 40. Qe3 Rd1+ 41. Kf2 Qb6 42. Qxb6 axb6 43. b4 Ra1 44. Nd4 Rxa3 45. Nxf5 Rb3 46. Nd6 Rxb4 47. Nxb7 g6 48. g3 Kg7 49. Ke3 Kf6 50. g4 Kg5 51. Nd6 Rb3+ 52. Ke4 Rb4+ 53. Ke5 Ra4 54. Ne4+ Rxe4+ 55. fxe4 b5 56. Kd6 b4 57. e5 b3 58. e6 b2 59. e7 b1Q 60. e8Q Qd1+ 61. Kc7 Qc2+ 62. Kb7 Qb2+ 63. Kc7 Qxh2+ 64. Kb7 Qg2+ 65. Kc7 Qg3+ 66. Kb7 Qb3+ 67. Kc7 Qc4+ 68. Kb7 Qd5+ 69. Kc7 Qc5+ 70. Kb7 Qd5+ 71. Kc7 Qa5+ 72. Kb7 Qb4+ 73. Kc7 Qxg4 74. Qe7+ Kh6 75. Qf8+ Kh5 76. Qc5+ Qg5 77. Qf2 Qe5+ 78. Kd7 Qf5+ 79. Qxf5+ gxf5 80. Ke6 f4 81. Kf5 f3 82. Kf4 f2 83. Kg3 f1Q 84. Kh2 Qf4+ 85. Kg2 Qe3 86. Kh1 Qd2 87. Kg1 Kg4 88. Kf1 Kf3 0-1